<?xml version="1.0" encoding="UTF-8"?>
<record
    xmlns:xsi="http://www.w3.org/2001/XMLSchema-instance"
    xsi:schemaLocation="http://www.loc.gov/MARC21/slim http://www.loc.gov/standards/marcxml/schema/MARC21slim.xsd"
    xmlns="http://www.loc.gov/MARC21/slim">

  <leader>01412nam a22003257a 4500</leader>
  <controlfield tag="003">OSt</controlfield>
  <controlfield tag="005">20260530115315.0</controlfield>
  <controlfield tag="008">260505b1955    agr||||| |||| 00| 0 eng d</controlfield>
  <datafield tag="040" ind1=" " ind2=" ">
    <subfield code="a">ICI</subfield>
    <subfield code="b">spa</subfield>
    <subfield code="c">ICI</subfield>
  </datafield>
  <datafield tag="041" ind1=" " ind2=" ">
    <subfield code="a">eng</subfield>
  </datafield>
  <datafield tag="050" ind1="4" ind2=" ">
    <subfield code="a">N7153.B5</subfield>
    <subfield code="b">A4 2015</subfield>
  </datafield>
  <datafield tag="100" ind1="1" ind2=" ">
    <subfield code="a">Bill, Max,</subfield>
    <subfield code="d">1908-1994,</subfield>
    <subfield code="e">artista</subfield>
    <subfield code="9">33487</subfield>
  </datafield>
  <datafield tag="240" ind1="1" ind2="0">
    <subfield code="a">Obras.</subfield>
  </datafield>
  <datafield tag="245" ind1="1" ind2="0">
    <subfield code="a">Max Bill /</subfield>
    <subfield code="c">Manuel Font&#xE1;n del Junco, Mar&#xED;a Toledo (eds.) ; exts by Max Bill, Jakob Bill, Karin Gimmi, Manuel Font&#xE1;n del Junco, Neus Moyano, Gillermo Zuaznabar, Fernando Marz&#xE1; and Mar&#xED;a Amalia Garc&#xED;a</subfield>
  </datafield>
  <datafield tag="264" ind1=" " ind2=" ">
    <subfield code="a">Buenos Aires :</subfield>
    <subfield code="b">Nueva Visi&#xF3;n,</subfield>
    <subfield code="c">1955</subfield>
  </datafield>
  <datafield tag="300" ind1=" " ind2=" ">
    <subfield code="a">147 p&#xE1;ginas :</subfield>
    <subfield code="b">ilustraciones (principalmente a blanco y negro)</subfield>
  </datafield>
  <datafield tag="500" ind1=" " ind2=" ">
    <subfield code="a">Cat&#xE1;logo de una exposici&#xF3;n, llevada a cabo en la Fundaci&#xF3;n Juan March, el 16 de octubre en Madrid, Espa&#xF1;a</subfield>
  </datafield>
  <datafield tag="500" ind1=" " ind2=" ">
    <subfield code="a">Texto en ingl&#xE9;s y espa&#xF1;ol</subfield>
  </datafield>
  <datafield tag="600" ind1="1" ind2="0">
    <subfield code="a">Bill, Max,</subfield>
    <subfield code="d">1908-1994</subfield>
    <subfield code="x">Exposici&#xF3;n</subfield>
    <subfield code="9">33488</subfield>
  </datafield>
  <datafield tag="650" ind1="4" ind2=" ">
    <subfield code="a">Arte suizo</subfield>
    <subfield code="v">Exposiciones</subfield>
    <subfield code="y">Siglo XX</subfield>
    <subfield code="9">33489</subfield>
  </datafield>
  <datafield tag="700" ind1="1" ind2=" ">
    <subfield code="a">Font&#xE1;n del Junco, Manuel, |d 1963-</subfield>
    <subfield code="e">editor,</subfield>
    <subfield code="e">autor</subfield>
    <subfield code="9">33490</subfield>
  </datafield>
  <datafield tag="700" ind1="1" ind2=" ">
    <subfield code="a">Toledo, Mar&#xED;a,</subfield>
    <subfield code="e">editor</subfield>
    <subfield code="9">33491</subfield>
  </datafield>
  <datafield tag="700" ind1="1" ind2=" ">
    <subfield code="a">Bill, Jakob,</subfield>
    <subfield code="e">autor</subfield>
    <subfield code="9">33492</subfield>
  </datafield>
  <datafield tag="700" ind1="1" ind2=" ">
    <subfield code="a">Gimmi, Karin,</subfield>
    <subfield code="d">1959- ,</subfield>
    <subfield code="e">autor</subfield>
    <subfield code="9">33493</subfield>
  </datafield>
  <datafield tag="700" ind1="1" ind2=" ">
    <subfield code="a">Moyano, Neus, </subfield>
    <subfield code="e">autor</subfield>
    <subfield code="9">33494</subfield>
  </datafield>
  <datafield tag="700" ind1="1" ind2=" ">
    <subfield code="a">Zuaznabar, Gillermo,</subfield>
    <subfield code="d">1971-</subfield>
    <subfield code="e">autor</subfield>
    <subfield code="9">33495</subfield>
  </datafield>
  <datafield tag="700" ind1="1" ind2=" ">
    <subfield code="a">Marz&#xE1;, Fernando,</subfield>
    <subfield code="e">autor</subfield>
    <subfield code="9">33496</subfield>
  </datafield>
  <datafield tag="700" ind1="1" ind2=" ">
    <subfield code="a">Garc&#xED;a, Mar&#xED;a Amalia,</subfield>
    <subfield code="d">1975-</subfield>
    <subfield code="e">autor</subfield>
    <subfield code="9">33497</subfield>
  </datafield>
  <datafield tag="942" ind1=" " ind2=" ">
    <subfield code="2">lcc</subfield>
    <subfield code="c">BK</subfield>
    <subfield code="n">1</subfield>
  </datafield>
  <datafield tag="999" ind1=" " ind2=" ">
    <subfield code="c">13550</subfield>
    <subfield code="d">13550</subfield>
  </datafield>
</record>
